| 000 | 00606nam a2200169 a 4500 | ||
|---|---|---|---|
| 001 | ASIN0399114130 | ||
| 005 | 20140609002128.0 | ||
| 008 | 140609s1974 xxu eng d | ||
| 020 |
_a0399114130 (hardcover) _c$6.95 |
||
| 020 | _a9780399114137 (hardcover) | ||
| 100 | 1 | _aBuchwald, Art. | |
| 245 | 1 | 0 |
_aI am not a crook / _cArt Buchwald. |
| 260 |
_a[S.l.] : _bPutnam Adult, _c1974. |
||
| 300 |
_a250 p. ; _c22 cm. |
||
| 520 | _aCollected articles provide a witty and perceptive analysis of the Watergate scandal. | ||
| 856 | 4 | 0 |
_3Amazon.com _uhttp://www.amazon.com/exec/obidos/ASIN/0399114130/chopaconline-20 |
| 999 |
_c5635 _d5635 |
||